Prognóza informatizácie vedeckého výskumu, hospodárskej a spoločenskej praxe na Slovensku
Salvato in:
| Autore principale: | |
|---|---|
| Natura: | Libro |
| Lingua: | slovacco |
| Pubblicazione: |
Bratislava
Prognostický ústav SAV
1993
|
| Serie: | Pracovné materiály
č. 9 |
| Soggetti: | |
| Tags: |
Nessun Tag, puoi essere il primo ad aggiungerne!!
|
MARC
| LEADER | 00000nam$a2200000$$$4500 | ||
|---|---|---|---|
| 001 | 0026120 | ||
| 005 | 20240111124527.2 | ||
| 022 | |a 0862-9137 | ||
| 041 | 0 | |a slo | |
| 044 | |a SK | ||
| 245 | 1 | 0 | |a Prognóza informatizácie vedeckého výskumu, hospodárskej a spoločenskej praxe na Slovensku |c Boris Procházka |
| 264 | 1 | |a Bratislava |b Prognostický ústav SAV |c 1993 | |
| 300 | |a 32 s. | ||
| 490 | 1 | |a Pracovné materiály |v č. 9 | |
| 830 | 0 | |a Pracovné materiály |v č. 9 | |
| 610 | 2 | 0 | |a výskum vedecký |
| 610 | 2 | 0 | |a informatizácia |
| 610 | 2 | 0 | |a prognózy |
| 610 | 2 | 0 | |a politika hospodárska |
| 610 | 2 | 0 | |a Slovensko |
| 100 | 1 | |a Procházka, Boris | |